[Event "BL 2018-19"]
[Site "Berlin"]
[Date "2019.03.23"]
[Round "12.7"]
[White "Zude, Arno"]
[Black "Zelbel, Patrick"]
[Result "1/2-1/2"]
[WhiteElo "2349"]
[BlackElo "2439"]
[Annotator "TA"]
[PlyCount "84"]
[EventDate "2018.11.10"]
[EventType "team-tourn"]
[EventCountry "GER"]
[SourceTitle "playchess.com"]
[Source "ChessBase"]
[SourceQuality "1"]
[WhiteTeam "SV Hofheim"]
[BlackTeam "Muelheim"]

{[%evp 13,84,26,26,26,22,-10,0,-28,-24,-31,-19,-13,-14,-30,-31,-46,-39,-47,-34,-39,-30,-55,-52,-81,-85,-95,-91,-87,-56,-72,-79,-174,-208,-279,-262,-206,-220,-181,-159,-152,-147,-145,-143,-154,-156,-211,-44,-129,-77,-75,-24,-314,-173,-130,-41,-16,0,0,0,-24,9,0,0,-38,14,14,57,-36,6,6,10,6,22]} 1. e4 e5 2. Nf3 Nc6 3. Bc4 Nf6 4. d3 Bc5 5. O-O O-O 6. h3 d5 7. exd5 Nxd5 8. Re1 {C24: Bishop's Opening: 2...Nf6} (8. a4 f6 9. Nbd2 Be6 10. Nb3 Be7 11. Re1 Kh8 12. Bd2 Bg8 13. d4 exd4 14. Nbxd4 Nxd4 15. Nxd4 Qd7 {½-½ (66) Carlsen,M (2832)-Karjakin,S (2781) Paris 2017}) 8... Be6 9. Ng5 Bb6 $146 ({Predecessor:} 9... h6 10. Nxe6 fxe6 11. Be3 Bxe3 12. fxe3 Qg5 13. Qe2 Rf6 14. Nd2 Rg6 15. Ne4 Qh4 {1-0 (49) Zernyshkin,V (2319)-Yakovich,V (2111) Samara 2011}) 10. Nxe6 fxe6 11. Be3 Nxe3 12. fxe3 Qf6 13. Qe2 Ne7 $36 {[%mdl 2048] White is under pressure.} 14. Nd2 Nf5 15. Nf1 Kh8 16. c3 Rae8 17. Rad1 Qh6 18. d4 exd4 19. exd4 e5 $1 20. Kh1 e4 21. Bd5 e3 22. Bxb7 (22. Bc4 $17) 22... c6 $1 $19 23. Qg4 Bc7 24. Kg1 Qd6 $1 ({Don't do} 24... Rb8 25. Ba6 $15) 25. Ba6 {[#]} e2 $1 {[%mdl 512]} 26. Rxe2 (26. Bxe2 Ne3) 26... Ne3 $1 27. Rxe3 Rxe3 28. Be2 {[#]} Re6 $1 {[%mdl 1024] Threatens to win with ...Rf4. Black has strong compensation.} 29. Bf3 {[#]} (29. Bd3 $17) 29... Rf4 $2 (29... Qe7 $1 $19 {And now ...Bf4 would win.} 30. c4 Rf4) 30. Qh5 ({White should play} 30. Qg3 $15) 30... Qf8 ({Black should try} 30... Bb6 {aiming for ...Re5.} 31. Bg4 Re5) 31. Nd2 $17 Rf5 (31... Bd6 $17) 32. Qg4 $2 {[%mdl 8192]} (32. Qh4 $1 $11) 32... Bf4 (32... h5 $142 33. Qh4 Qb8) 33. Nc4 Rg6 (33... Qe7 $17 34. Ne5 (34. Qxf5 $2 {is a self mate.} Re1+ 35. Kf2 Qh4+ 36. g3 Qxg3#) 34... g6) 34. Qh4 $15 Rh6 35. Qf2 Rg5 36. Kf1 Bg3 37. Qe2 Rf5 38. Rd3 Qb8 (38... Bf4 $15) 39. Re3 {Black must now prevent Re8+.} Rf8 40. Re4 (40. Ne5 $14 Qc7 41. Kg1) 40... Rhf6 (40... c5 $5) 41. Ne5 Bxe5 42. Rxe5 Rf5 {Accuracy: White = 33%, Black = 58%.} 1/2-1/2

[Event "BL 2018-19"]
[Site "Berlin"]
[Date "2019.03.23"]
[Round "12.7"]
[White "Eichler, Christoph"]
[Black "Naumann, Alexander"]
[Result "1/2-1/2"]
[WhiteElo "2315"]
[BlackElo "2532"]
[Annotator "TA"]
[PlyCount "90"]
[EventDate "2018.11.10"]
[EventType "team-tourn"]
[EventCountry "GER"]
[SourceTitle "playchess.com"]
[Source "ChessBase"]
[SourceQuality "1"]
[WhiteTeam "Zugzwang Muenchen"]
[BlackTeam "Solingen"]

{[%evp 9,90,13,37,20,21,21,20,6,8,10,1,7,4,5,10,0,9,0,0,0,9,-13,13,0,0,3,4,9,27,31,35,0,35,0,49,-67,-67,-67,-67,-67,-64,-67,-67,-67,-67,-67,-18,-72,-23,-75,-29,-57,0,-56,-21,-25,-33,-87,-47,-42,-52,-54,-41,-82,-36,-60,-23,-16,0,-61,0,-55,-54,-53,-38,-38,-38,-38,-45,-45,0,-24,0]} 1. Nf3 c5 2. e3 Nf6 3. d4 cxd4 4. exd4 d5 5. c3 Nc6 6. Ne5 {B13: Caro-Kann: Exchange Variation and Panov-Botvinnik Attack} e6 (6... a6 7. Bd3 g6 8. O-O Bg7 9. Re1 O-O 10. Nd2 Nxe5 11. dxe5 Nd7 12. Nf3 Nc5 13. Nd4 Bg4 {0-1 (46) Kramnik,V (2792)-Caruana,F (2816) Paris 2018}) 7. f4 Ne4 {[#] ...Nxe5 is the strong threat.} 8. Qf3 $146 {The position is equal.} ({Predecessor:} 8. Qh5 g6 9. Qf3 f6 10. Nd3 h5 11. g3 e5 12. fxe5 Bg4 13. Qg2 fxe5 14. dxe5 {0-1 (25) Vavra,P (2419)-Haba,P (2493) Ostrava 2002}) 8... g6 9. Nd2 Nd6 10. Bd3 Bg7 11. O-O f6 12. Nxc6 bxc6 13. Qe2 O-O 14. Nf3 Qc7 15. Be3 Nf5 16. Rae1 Nxe3 17. Qxe3 Bh6 18. g3 a5 19. Rf2 Bd7 20. Bf1 Rae8 21. Bh3 Bc8 22. Qd3 (22. c4 $14) 22... e5 $1 $36 {[%mdl 2048] White is under pressure.} 23. Bxc8 {Strongly threatening Bf5.} e4 {[%mdl 64] [#] Double Attack} 24. Qd1 Rxc8 25. Nh4 {[%cal Bf3h4,Bh4g2,Bg2e3][%mdl 32]} f5 26. Ng2 Bg7 27. Ne3 Rfd8 28. Rd2 (28. g4 $1 $11) 28... Qb6 29. Kh1 (29. g4 $11 {remains equal.}) 29... Kh8 30. a3 Qb5 (30... Qc7 $15) 31. b4 (31. g4 $11) 31... axb4 32. axb4 Ra8 33. Qe2 (33. g4 $15) 33... Qb7 34. Ra2 Rxa2 35. Qxa2 Ra8 36. Qb2 Qa6 37. Kg2 h6 38. h4 Qb5 39. Kf2 (39. Qe2 $11) 39... Ra4 (39... h5 $15) 40. Ra1 ({White should play} 40. Qe2 $11) 40... Rxa1 41. Qxa1 Qd3 42. Qb2 h5 43. Qc2 {Black should prevent Qxd3.} Qa6 44. Qb2 Qd3 45. Qc2 Qa6 {Accuracy: White = 28%, Black = 43%.} 1/2-1/2

[Event "BL 2018-19"]
[Site "Berlin"]
[Date "2019.03.23"]
[Round "12.8"]
[White "Shirov, Alexei"]
[Black "Carlstedt, Jonathan"]
[Result "1-0"]
[WhiteElo "2639"]
[BlackElo "2418"]
[Annotator "TA"]
[PlyCount "51"]
[EventDate "2018.11.10"]
[EventType "team-tourn"]
[EventCountry "GER"]
[SourceTitle "playchess.com"]
[Source "ChessBase"]
[SourceQuality "1"]
[WhiteTeam "Baden-Baden"]
[BlackTeam "Hamburg SK"]

{[%evp 11,51,36,48,8,42,45,49,44,55,8,37,18,15,7,47,47,93,68,104,96,135,84,89,92,88,88,86,93,164,164,214,215,240,240,273,268,261,198,300,307,369,364]} 1. e4 e5 2. Nf3 Nc6 3. Bb5 a6 4. Ba4 d6 5. O-O Bg4 6. h3 Bh5 7. c4 {C72: Ruy Lopez: Deferred Steinitz: 5 0-0} (7. Bxc6+ bxc6 8. d4 f6 9. c3 Ne7 10. Nbd2 Bf7 11. Qa4 Qb8 12. c4 a5 13. Rd1 Be6 14. Qc2 Ng6 {1-0 (53) Naiditsch,A (2674)-Jussupow,A (2589) Germany 2010}) 7... Nf6 8. g4 Bg6 9. d4 {Black must now prevent d5.White is slightly better.} Nd7 10. Nc3 (10. d5 $5 {[%cal Rd5c6]} Na7 11. Nc3 $14) 10... Be7 $146 ({Predecessor:} 10... f6 11. Be3 h5 12. Qe2 hxg4 13. hxg4 Qc8 14. Bxc6 bxc6 {1-0 (61) Kapengut,A-Sakharov,Y Rostov on Don 1971}) 11. Bxc6 bxc6 12. Qa4 O-O 13. dxe5 c5 14. Rd1 Qe8 15. Qc6 $36 {[%mdl 2048] White is really pushing.} Ra7 16. Bf4 ({White should play} 16. exd6 cxd6 17. Bf4) 16... Nxe5 $16 17. Nxe5 dxe5 18. Qxe8 Rxe8 19. Bxe5 Rb7 (19... Bf8 $16) 20. b3 $18 h5 21. f3 hxg4 22. hxg4 Bg5 23. Bg3 Bf6 24. Rac1 c6 (24... Bxc3 {was worth a try.} 25. Rxc3 a5) 25. Na4 Bg5 26. f4 {Accuracy: White = 67%, Black = 27%.} 1-0

[Event "BL 2018-19"]
[Site "Berlin"]
[Date "2019.03.23"]
[Round "12.8"]
[White "Buckels, Valentin"]
[Black "Bluhm, Sonja Maria"]
[Result "1-0"]
[WhiteElo "2427"]
[BlackElo "2222"]
[Annotator "TA"]
[PlyCount "81"]
[EventDate "2018.11.10"]
[EventType "team-tourn"]
[EventCountry "GER"]
[SourceTitle "playchess.com"]
[Source "ChessBase"]
[SourceQuality "1"]
[WhiteTeam "Muelheim"]
[BlackTeam "SV Hofheim"]

{[%evp 16,81,37,25,19,27,51,39,47,51,45,45,58,62,68,51,49,45,59,50,49,59,84,54,92,30,39,36,49,46,50,45,66,56,58,4,0,0,68,57,90,95,135,118,168,128,158,123,136,137,136,148,216,201,291,276,277,274,294,287,968,943,29991,29992,29992,29993,29993,29994]} 1. d4 Nf6 2. c4 g6 3. Nf3 Bg7 4. g3 O-O 5. Bg2 d6 6. O-O Nc6 7. Nc3 a6 8. b3 Rb8 9. d5 Na5 {E63: King's Indian: Fianchetto: Panno Variation with 7...a6} 10. Bg5 (10. Bd2 c5 11. dxc6 Nxc6 12. Qc1 Bd7 13. Bh6 b5 14. Bxg7 Kxg7 15. cxb5 axb5 16. Qb2 Kg8 17. b4 Qb6 18. Rfd1 Rfc8 {½-½ (77) Inarkiev,E (2689)-Zhao,J (2604) Riadh 2017}) 10... c5 11. dxc6 $1 Nxc6 {White is slightly better.} 12. Rc1 Bf5 13. Nd5 Ne4 14. Be3 e6 $146 ({Predecessor:} 14... Qd7 15. Nh4 e6 16. Nxf5 exf5 17. Qc2 Nf6 18. Nxf6+ Bxf6 {1-0 (30) Ghosh,D (2569)-Nayak,R (2067) Bhubaneswar 2017}) 15. Bb6 Qd7 16. Ne3 {Hoping for g4.} Nc3 17. Qd2 Ne4 18. Qe1 {Strongly threatening g4.} Nf6 19. Nxf5 gxf5 20. b4 (20. Qd2 $16) 20... Rfc8 21. a3 Ne7 22. Qd1 Rc6 23. Bd4 Rc7 24. Qb3 b5 25. Rfd1 (25. cxb5 $14 Rxc1 26. Rxc1 axb5 27. e3) 25... bxc4 $11 26. Rxc4 Ned5 (26... Rxc4 $11 27. Qxc4 Qa4) 27. Rdc1 Rbc8 28. Nd2 e5 29. Bb2 Nb6 30. R4c2 Ne8 31. Bh3 d5 32. Rxc7 Rxc7 33. Rxc7 Nxc7 (33... Qxc7 $16 34. Bxf5 Nd6) 34. Qc2 $18 e4 (34... h6 $142 35. f3 (35. Bxf5 Ne6 $16) (35. Qxf5 Qxf5 36. Bxf5 Nb5 $16) 35... Ne6 36. Bxf5 h5) 35. Bxg7 Kxg7 36. Qc5 Nca8 37. Nb3 Qa4 $2 {[#]} (37... Qc7 38. Qe3 (38. Bxf5 Qxc5 39. Nxc5 Nc4 $16) 38... f4 39. gxf4 Kf8) 38. Nd4 Qxa3 39. Nxf5+ {White mates.} Kg8 40. Qe7 {[%cal Re7e8]} Qc1+ 41. Kg2 {Accuracy: White = 76%, Black = 38%.} 1-0

[Event "BL 2018-19"]
[Site "Berlin"]
[Date "2019.03.23"]
[Round "12.8"]
[White "Wegerle, Joerg"]
[Black "Lammers, Markus"]
[Result "1/2-1/2"]
[WhiteElo "2409"]
[BlackElo "2298"]
[Annotator "TA"]
[PlyCount "52"]
[EventDate "2018.11.10"]
[EventType "team-tourn"]
[EventCountry "GER"]
[SourceTitle "playchess.com"]
[Source "ChessBase"]
[SourceQuality "1"]
[WhiteTeam "Solingen"]
[BlackTeam "Zugzwang Muenchen"]

{[%evp 16,52,18,-12,16,-14,0,0,-8,-17,-18,-9,-4,-31,-27,-40,-32,-72,-72,-72,-72,-99,-97,-80,0,0,0,0,25,23,40,0,0,0,0,0,0,0,0]} 1. e4 e5 2. Nf3 Nf6 3. Nxe5 d6 4. Nc4 Nxe4 5. Qe2 Qe7 6. d3 Nf6 {C42: Petroff Defence: 3 Nxe5 and unusual White 3rd moves} 7. Bg5 (7. Nc3 Qxe2+ 8. Bxe2 Be6 9. Nb5 Na6 10. Bf4 Kd7 11. O-O-O Ne8 12. d4 c6 13. Nc3 Nb4 14. Rhe1 {0-1 (47) Potapov,P (2516)-Nikcevic,N (2434) Skopje 2018}) 7... Qxe2+ 8. Bxe2 Be7 9. Nc3 {LiveBook: 8 Games} Be6 10. Bf3 Nc6 11. O-O-O O-O-O 12. Bxc6 bxc6 13. Na5 Kd7 14. d4 $146 ({Predecessor:} 14. Rhe1) 14... Rhe8 15. Rhe1 h6 16. Be3 Nd5 17. Nxd5 Bxd5 18. f3 Bh4 ({Not} 18... Bxa2 19. b3 $16) 19. Re2 Rxe3 ({Don't play} 19... Bxa2 $6 20. b3 $11) (19... f5 $17 20. Kd2 Rb8) 20. Rxe3 $11 Bg5 21. Rde1 Rb8 ({Much weaker is} 21... Bxa2 22. b3 $14) 22. c4 Be6 23. h4 Bxe3+ {The position is equal.} 24. Rxe3 g5 25. hxg5 hxg5 26. Nxc6 Kxc6 {Precision: White = 61%, Black = 58%.} 1/2-1/2

[Event "BL 2018-19"]
[Site "Berlin"]
[Date "2019.03.23"]
[Round "12.9"]
[White "Laznicka, Viktor"]
[Black "Demchenko, Anton"]
[Result "1-0"]
[WhiteElo "2668"]
[BlackElo "2679"]
[Annotator "TA"]
[PlyCount "179"]
[EventDate "2018.11.10"]
[EventType "team-tourn"]
[EventCountry "GER"]
[SourceTitle "playchess.com"]
[Source "ChessBase"]
[SourceQuality "1"]
[WhiteTeam "Augsburg"]
[BlackTeam "Duesseldorf"]

{[%evp 23,179,4,1,0,8,16,0,6,0,-24,0,-9,0,0,0,0,12,19,19,6,8,0,0,0,0,0,1,0,0,0,0,-5,0,0,0,0,0,5,8,5,5,6,5,15,14,8,10,0,0,0,0,0,8,8,15,15,47,52,45,45,85,85,85,85,95,95,95,95,96,96,96,97,114,112,114,120,114,112,276,276,276,276,276,276,276,276,276,276,276,276,276,267,272,148,141,141,133,137,178,175,268,268,369,350,332,284,29966,29967,29966,29969,29969,29970,29971,29972,29974,29975,29974,29976,29976,29972,29972,29973,29978,29979,29985,29981,29984,29985,29987,29985,29985,29981,29981,29981,29981,29982,29982,29983,29983,29983,29983,29983,29984,29984,29984,29983,29983,29984,29987,29988,29988,29989,29989,29990,29990,29991,29991,29992]} 1. c4 Nf6 2. Nf3 g6 3. g3 Bg7 4. Bg2 O-O 5. O-O d6 6. Nc3 Nc6 7. Rb1 a5 8. a3 e5 9. b4 axb4 10. axb4 Re8 11. b5 Nd4 12. d3 Bg4 13. e3 {A26: English Opening vs King's Indian with ...Nc6 and d3} Nxf3+ 14. Bxf3 Bxf3 15. Qxf3 {[#] The position is equal.} Qc8 $146 ({Predecessor:} 15... Rb8 16. Nd5 e4 17. Qe2 exd3 18. Qxd3 Nd7 19. Bb2 Bxb2 20. Rxb2 c6 {½-½ (47) Sichinava,Z (2317)-Levin,E (2515) St Petersburg 2013}) 16. Bd2 Ra3 17. Rfd1 Nd7 18. Qe2 Nc5 19. Be1 Qf5 20. Nd5 c6 (20... Nxd3 $2 21. Nxc7 Rc8 22. Nd5 $18) 21. bxc6 bxc6 {[#]} 22. Rb8 $1 {[%mdl 512]} Qd7 (22... Rxb8 23. Ne7+) 23. Rxe8+ Qxe8 24. Bb4 Ra7 25. Nc3 Nb7 26. Qf3 Qd7 27. d4 exd4 28. exd4 Ra8 29. h4 h5 30. Ne4 d5 31. Nf6+ Bxf6 $1 32. Qxf6 Re8 33. Ra1 Nd8 $1 34. cxd5 cxd5 35. Bc5 Qe6 36. Qf4 Kg7 37. Ra7 Qf6 38. Qxf6+ Kxf6 $11 {[%mdl 4096] Endgame KRB-KRN} 39. Rd7 Re1+ 40. Kg2 Ne6 41. Bb4 Rb1 42. Be7+ Kf5 43. Rxd5+ Ke4 {[%mdl 64] Double Attack} 44. Rd7 $1 Nxd4 45. Bg5 Nf5 46. Rxf7 {Hoping for Rf6.} Rb6 47. Rf8 Ra6 48. Re8+ Kd5 49. Bf4 Rf6 50. Re5+ Kc6 $2 (50... Kd4 $16 {might work better.}) 51. Bg5 $18 Rd6 {[#]} 52. g4 $1 {[%cal Rg4f5]} Nd4 53. gxh5 gxh5 54. Be3 Rg6+ 55. Kh3 Nf3 56. Rf5 (56. Rxh5 Ng1+ 57. Kh2 Nf3+ 58. Kh3 Ng1+ 59. Kh2 Nf3+ 60. Kh3 $11) 56... Ng1+ 57. Kh2 Kd6 {[#]} 58. f3 (58. Bf4+ $1 $18 Ke6 59. Re5+ (59. Rxh5 Nf3+ 60. Kh3 Ng1+ 61. Kh2 Nf3+ 62. Kh3 Ng1+ 63. Kh2 $11) 59... Kf7 60. Rf5+ (60. Rxh5 Nf3+ 61. Kh3 Ng1+ 62. Kh2 Nf3+ 63. Kh3 Ng1+ 64. Kh2 $11) 60... Ke6 61. Re5+ (61. Rxh5 Nf3+ 62. Kh3 Ng1+ 63. Kh2 Nf3+ 64. Kh3 Ng1+ 65. Kh2 $11) 61... Kf7 62. Rf5+ (62. Rxh5 Nf3+ 63. Kh3 Ng1+ 64. Kh2 Nf3+ 65. Kh3 Ng1+ 66. Kh2 $11) 62... Ke6) 58... Ke6 $16 59. Rf8 ({But not} 59. Rxh5 $6 Nxf3+ 60. Kh3 Kf6 $14) 59... Ne2 60. Rh8 Kf7 61. Rxh5 Ng3 (61... Re6 $142) 62. Rh7+ $18 Kg8 63. Rh6 Nf1+ 64. Kh1 Ng3+ $2 (64... Rg7 $18) 65. Kg2 {White mates.} Rxh6 66. Bxh6 {KB-KN} Nh5 67. Kh3 Kh7 68. Bg5 Kg6 69. Kg4 Ng7 70. f4 Kf7 71. h5 Ne8 72. Bd8 Nd6 73. Bc7 Nc8 74. Be5 Ne7 75. Kg5 Kg8 76. f5 Nc6 77. Bb2 Kh7 78. Bc1 Kg7 79. h6+ Kh7 80. Kf6 Nd4 81. Ke5 Nc6+ 82. Kd5 Nd8 83. Kd6 Nf7+ 84. Ke7 Ne5 85. Ke6 Nf3 86. Be3 Nh4 87. f6 Ng6 88. f7 Nf8+ 89. Ke7 Ng6+ 90. Ke8 {Accuracy: White = 79%, Black = 53%.} 1-0

[Event "BL 2018-19"]
[Site "Berlin"]
[Date "2019.03.23"]
[Round "12.9"]
[White "Dziuba, Marcin"]
[Black "Leko, Peter"]
[Result "0-1"]
[WhiteElo "2574"]
[BlackElo "2679"]
[Annotator "TA"]
[PlyCount "94"]
[EventDate "2018.11.10"]
[EventType "team-tourn"]
[EventCountry "GER"]
[SourceTitle "playchess.com"]
[Source "ChessBase"]
[SourceQuality "1"]
[WhiteTeam "Kiel"]
[BlackTeam "SF Deizisau"]

{[%evp 23,94,-12,0,-14,0,0,23,4,30,39,46,-19,-16,-25,-18,-16,-22,-29,-29,-13,-31,-45,-17,-19,-19,-13,0,-21,-22,-37,-32,-35,-20,-75,-20,-79,-35,-65,-51,-50,-57,-47,-68,-53,-56,-104,-98,-103,-37,-64,-63,-101,-85,-79,-72,-87,-90,-85,-68,-69,-59,-107,-117,-174,-165,-189,-193,-180,-183,-707,-191,-680,-274]} 1. d4 Nf6 2. c4 e6 3. Nf3 d5 4. e3 b6 5. cxd5 exd5 6. Bd3 Bd6 7. O-O O-O 8. b3 Qe7 9. Bb2 Bb7 10. Nc3 a6 11. Rc1 Nbd7 12. Ne2 Ne4 13. Rc2 {E14: Queen's Indian: Classical Variation (4 e3)} f5 14. Qa1 Rae8 15. Ne5 {White has an edge.} Bxe5 16. dxe5 {Bxe4 is the strong threat.} Nec5 {[#]} 17. Nd4 $146 (17. e6 $14 Nxe6 18. Nd4) ({Predecessor:} 17. Nf4 Nxe5 18. Be2 g5 {0-1 (70) Volkov,S (2633)-Bocharov,D (2569) Dagomys 2008}) 17... Nxd3 $11 18. Rxc7 N3c5 {Strongly threatening ...Qd8.} 19. e6 $1 {[%cal Re6d7]} Qd6 20. exd7 Rd8 $1 21. b4 Qxc7 22. bxc5 Qxd7 23. cxb6 Rf6 $36 {[%mdl 2048] Black fights for an advantage.} 24. Bc3 Rc8 25. Qb2 Rg6 26. g3 Rc4 27. Rb1 Qc8 28. Ba5 (28. Bd2 $11 {remains equal.}) 28... h6 (28... h5 $17) 29. Qd2 (29. Qb3 $11) 29... Rf6 30. h4 Qe8 31. Bc3 Qg6 {White must now prevent ...f4.} 32. Qd3 f4 33. Qxg6 Rxg6 34. Be1 fxe3 35. fxe3 Rf6 (35... h5 $17) 36. Kg2 h5 37. Rb2 Kf7 38. Bd2 Ke8 39. g4 hxg4 40. Kg3 Kd7 41. Kxg4 Rg6+ 42. Kf3 Rc8 43. Rb1 {[#]} (43. Ke2 $17) 43... a5 $1 $19 {[%mdl 512] Threatens to win with ...Rf8+.} 44. Bxa5 Rf8+ 45. Ke2 Rg2+ {[%mdl 1024] Black has strong compensation.} 46. Kd1 $2 (46. Kd3) 46... Rf1+ 47. Be1 {[#]} Rxe1+ $1 {[%mdl 512] Accuracy: White = 49%, Black = 70%.} 0-1

[Event "BL 2018-19"]
[Site "Berlin"]
[Date "2019.03.23"]
[Round "12.10"]
[White "Kamsky, Gata"]
[Black "Khenkin, Igor"]
[Result "1-0"]
[WhiteElo "2666"]
[BlackElo "2546"]
[Annotator "TA"]
[PlyCount "85"]
[EventDate "2018.11.10"]
[EventType "team-tourn"]
[EventCountry "GER"]
[SourceTitle "playchess.com"]
[Source "ChessBase"]
[SourceQuality "1"]
[WhiteTeam "SF Deizisau"]
[BlackTeam "Kiel"]

{[%evp 9,85,11,5,9,17,19,8,6,14,0,0,0,0,-10,39,33,47,51,47,47,51,22,28,33,45,54,53,39,54,54,58,57,56,50,73,29,54,27,66,60,72,62,78,74,68,57,71,66,155,131,199,179,181,181,186,160,146,160,377,339,421,470,492,491,491,457,795,745,790,774,735,699,727,708,1343,1275,1021,903]} 1. d4 d5 2. Nf3 Nf6 3. Bf4 c5 4. e3 Nc6 5. Nbd2 (5. c3 e6 6. Nbd2 cxd4 7. exd4 Nh5 8. Bg5 f6 9. Be3 Bd6 10. g3 O-O 11. Nh4 g6 12. Be2 Ng7 13. O-O e5 14. dxe5 fxe5 {½-½ (59) Aronian,L (2767)-Nakamura,H (2777) chess.com INT 2018}) 5... cxd4 6. exd4 {D02: 1 d4 d5 2 Nf3 sidelines, including 2...Nf6 3 g3 and 2...Nf6 3 Bf4} Qb6 {[%mdl 64] [#] Double Attack} 7. Nb3 Bf5 8. c3 {The position is equal.} e6 9. Be2 Be7 10. Ne5 $146 ({Predecessor:} 10. O-O O-O 11. Ne5 h6 12. Kh1 Bh7 {1-0 (75) Rakesh,K (2398)-Kulaots,K (2555) Stockholm 2019}) 10... h6 11. a4 {[%cal Ba2a4,Ba4a5][%mdl 32]} a6 12. a5 $36 {[%mdl 2048] White fights for an advantage.} Qd8 13. Nxc6 bxc6 14. Nd2 Bd6 15. Bg3 O-O 16. b4 Ne4 17. Nxe4 Bxe4 18. O-O Bxg3 19. hxg3 Qd6 20. Re1 Rfe8 21. Bf1 f6 22. Qd2 Bg6 23. c4 dxc4 24. Bxc4 Kh7 25. Qc3 Bf5 26. Be2 Reb8 27. g4 Bg6 28. Qc5 Qxc5 (28... Rd8 $1 $14) 29. bxc5 $16 Be4 (29... Re8 $16 {might work better.}) 30. Bc4 Rb4 31. Bxe6 ({Don't take} 31. Rxe4 $6 Rxc4 32. Rxe6 Rxd4 $14) 31... Bd5 32. Bf5+ Kg8 33. Rab1 Rab8 $2 {[#]} (33... Rb5 $16 {was worth a try.} 34. Be6+ Bxe6 35. Rxb5 axb5 36. Rxe6 Rc8) 34. Bg6 Bf7 35. Rxb4 {White is clearly winning.} Rxb4 36. Rb1 Rxb1+ 37. Bxb1 $18 {[%mdl 4096] Endgame KB-KB} Bc4 (37... Kf8 $142 38. Bd3 Ke7) 38. Be4 Bb5 39. f3 Kf7 40. Kf2 Ke6 41. Ke3 g5 42. Bh7 Kd7 43. Bd3 {Accuracy: White = 77%, Black = 31%.} 1-0

[Event "BL 2018-19"]
[Site "Berlin"]
[Date "2019.03.23"]
[Round "12.10"]
[White "Timman, Jan H"]
[Black "Prusikin, Michael"]
[Result "1/2-1/2"]
[WhiteElo "2541"]
[BlackElo "2510"]
[Annotator "TA"]
[PlyCount "47"]
[EventDate "2018.11.10"]
[EventType "team-tourn"]
[EventCountry "GER"]
[SourceTitle "playchess.com"]
[Source "ChessBase"]
[SourceQuality "1"]
[WhiteTeam "Duesseldorf"]
[BlackTeam "Augsburg"]

{[%evp 9,47,5,18,2,6,0,16,27,52,47,39,31,30,10,10,10,9,9,9,7,8,6,4,3,11,2,7,0,0,0,0,0,0,0,0,0,0,0,0,0]} 1. Nf3 d5 2. g3 Nd7 3. d4 Ngf6 4. Bg2 b5 5. Nc3 $146 ({Predecessor:} 5. a4 b4 6. c4 bxc3 7. Nxc3 e6 8. O-O Bb7 9. Bf4 a6 10. Rc1 Be7 11. b4 Bxb4 {1-0 (32) Mikhalevski,V (2579)-Riazantsev,A (2649) St Petersburg 2018}) 5... b4 6. Na4 {D02: 1 d4 d5 2 Nf3 sidelines, including 2...Nf6 3 g3 and 2...Nf6 3 Bf4} e6 7. O-O c5 8. a3 bxa3 9. c4 Bb7 10. b3 (10. Nxc5 {is more complex.} axb2 11. Bxb2 Bxc5 12. dxc5 O-O 13. Nd2) 10... dxc4 11. bxc4 cxd4 {The position is equal.} 12. Qxd4 Nb6 13. Qxd8+ Rxd8 14. Nxb6 axb6 15. Bxa3 Bxa3 16. Rxa3 Bxf3 17. Bxf3 Ke7 18. Bc6 Kd6 19. Bb5 {Strongly threatening Ra7.} Ra8 $1 {[%cal Ra8a3]} 20. Rd3+ Ke7 21. Rfd1 Rhd8 22. Rxd8 Rxd8 23. Ra1 Ne4 24. Ra7+ {Precision: White = 68%, Black = 86%.} 1/2-1/2